| 000 | 00826nas a2200265 4500 | ||
|---|---|---|---|
| 001 | BR9900105 | ||
| 003 | BR-BrBNA | ||
| 005 | 20231205101153.0 | ||
| 007 | ta | ||
| 008 | 230509b bl.|||p| |||| 00| 00por d | ||
| 040 |
_aBR-BrBNA _bpor _cBiblioteca Nacional de Agricultura |
||
| 041 | _a(En) | ||
| 072 | _aF03 | ||
| 100 | 1 | _aSilva, T.R.G. da | |
| 100 | 1 | _aCortelazzo, A.L. | |
| 100 | 1 | _aDietrich, S.M. de C. | |
| 245 | 1 | _aVariations in storage compounds during germination and early plantlet growth of Dalbergia miscolobium | |
| 650 | _aJacaranda | ||
| 650 | _aGerminacao | ||
| 650 | _aProteina | ||
| 650 | _aLipidio | ||
| 773 | 0 |
_tRevista Brasileira de Fisiologia Vegetal (Brazil) _xISSN 0103-3131 _g(Aug 1998), v. 10(2) p. 119-124 _wBR9900105 |
|
| 909 |
_a202311 _bLúcia _c55 _dLúcia Elande |
||
| 942 |
_2AGRIS _n0 _cANA |
||
| 999 |
_c160196 _d160196 |
||